| 000 | 00519nam a2200169Ia 4500 | ||
|---|---|---|---|
| 003 | LK-CoDNM | ||
| 005 | 20240926091300.0 | ||
| 008 | 010623t1944 xxu||||| |||| 00| 1 eng d | ||
| 040 |
_aLK-CoDNM _dLK-CoDNM _eLK-CoDNM |
||
| 041 | _aeng | ||
| 080 |
_a22 _bE39.1 |
||
| 245 | _aProceedings of the 18 Annual Sessions of the Ceylon Muslim League | ||
| 246 | _aprocidings of the 18 anuual sesions of the ceylon muslim language | ||
| 260 |
_bThe Ceylon stationaries _c1944 _aColombo |
||
| 300 | _b29p. ; 28 cm | ||
| 942 | _cBK | ||
| 999 |
_c100357 _d100357 |
||